| 000 | 01329ngm a22003010a 4500 | ||
|---|---|---|---|
| 001 | PT16772 | ||
| 003 | AR-LpoUNG | ||
| 005 | 20210202000245.0 | ||
| 007 | vd cvaizq | ||
| 008 | 191001s1964||||ag |||||||||||||||||por d | ||
| 037 | _c$8.30 | ||
| 040 |
_aAR-LpoUNG _bspa _cAR-LpoUNG _eaacr |
||
| 041 |
_apor _aspa |
||
| 044 | _aag | ||
| 082 | 0 | _a303.6 672dio | |
| 100 | 1 |
_aRocha, Glauber _edir. |
|
| 245 | 1 | 0 | _aDios y el diablo en la tierra del sol = Deus e o diabo na terra do sol |
| 260 |
_aBuenos Aires : _bCultural Video, _c[1964]. |
||
| 300 | _aVHS (120 min.) : son., col. | ||
| 505 | 0 | _aGuión: Walter Lima Junior ; Valdemar Lima ; montaje: Rafael Valverde. - Diálogos en portugués, subtítulos en español | |
| 520 | _aContada como un romance popular de la llamada literatura de cordel de la época, este relato de ficción narra las aventuras del pistolero a sueldo Antonio das Mortes, teniendo como telón de fondo los últimos dias de los asaltantes de caminos en el nordeste brasilero. El filme sigue a Antonio mientras éste es testigo de la caida en desgracia del campesino Manuel al unirse a la banda de su archienemigo, Corsico el demonio rubio y Pedra Bonita Masacre. | ||
| 650 | 4 | _aBRASIL | |
| 650 | 4 | _aHISTORIA SOCIAL | |
| 651 | 4 | _aBrasil | |
| 653 | _aVIDEOS | ||
| 905 | _a16772 | ||
| 942 | _cVIDEO | ||
| 999 |
_c54472 _d54472 |
||